Normal view
MARC view
Entry Personal Name
001 - CONTROL NUMBER
- control field: 9966
003 - CONTROL NUMBER IDENTIFIER
- control field: BD-RjUL
005 - DATE AND TIME OF LATEST TRANSACTION
- control field: 20231107170616.0
008 - FIXED-LENGTH DATA ELEMENTS
- fixed length control field: 231107|| aca||aabn | a|a d
040 ## - CATALOGING SOURCE
- Original cataloging agency: BD-RjUL
- Transcribing agency: BD-RjUL
100 ## - HEADING--PERSONAL NAME
- Personal name: Sadi, Abira
670 ## - SOURCE DATA FOUND
- Source citation: Work cat.: (BD-RjUL)82262: Sadi, Abira, Impact of post-secondary education on future aspirations of female students studying at University of Rajshahi /, 2014